La Declaracin̤ universal de los Derechos Humanos cumple 60 aǫs

Detalles Bibliográficos
Autores Corporativos: Seminario Permanente de Derechos Humanos Antonio Marzal, Escola Superior D'administraci ̤i Direcci ̤d'Empreses. Facultat de Dret
Otros Autores: Bartlett i Castell,̉ Enric R., Bardaj ̕Gl̀vez, Mara̕ Dolores (coord.)
Formato: Libro
Lenguaje:español
Publicado: Barcelona : Jos ̌Mara̕ Bosch, 2011
Colección:ESADE. Facultad de Derecho ; 19
Materias:
Acceso en línea:Acceso restringido

MARC

LEADER 00000nam a2200000 a 4500
005 20120725135049.0
007 cr|||| ||||
008 120228s2011||||sp ||| r|||||1|1 s spa|c
017 |a DL B. 42873-2011  |b Biblioteca de Catalunya 
020 |a 9788476989296 
035 |a 6392 
040 |a vLex 
080 |a 316.77(061.3) 
090 |c 3322  |d 3322 
110 2 |a Seminario Permanente de Derechos Humanos Antonio Marzal  |n (15na sesin̤ :  |d 2011) 
245 1 3 |a La Declaracin̤ universal de los Derechos Humanos cumple 60 aǫs   |h [Recurso electrn̤ico] /  |c Seminario Permanente de Derechos Humanos Antonio Marzal : XV Sesin̤ ; Enric R. Bartlett, M® Dolores Bardaj ̕(coords.) 
256 |a Servicio en ln̕ea 
260 |a Barcelona :  |b Jos ̌Mara̕ Bosch,  |c 2011 
300 |a 1 recurso electrn̤ico 
504 |a Índice 
506 1 |a Contenido solo disponible en los productos indicados  |d vLex Global   |d vLex Global (Academic Edition, excluding Law Schools)   |d vLex Global (U.S. Academic Edition, Law Schools)   |d vLex Global (U.S. Academic Edition, excluding Law Schools)   |d vLex Global (Academic Edition, Law Schools)  
650 0 4 |a Derechos humanos  |x Congresos 
650 0 4 |a Derechos humanos (derecho internacional) 
650 0 4 |a Derecho internacional  |x Aspectos sociales 
700 1 |a Bartlett i Castell,̉ Enric R. 
700 1 |a Bardaj ̕Gl̀vez, Mara̕ Dolores,  |e coord. 
710 1 |a Escola Superior D'administraci ̤i Direcci ̤d'Empreses.  |b Facultat de Dret 
740 0 |a vLex Libros (Servicio en ln̕ea) 
830 0 |a ESADE. Facultad de Derecho ;  |v 19  
856 4 0 |u http://vlex.com/source/declaracion-universal-derechos-humanos-cumple-60-a-os-6392  |z Acceso restringido 
942 |c BOOK